000 00716nam a2200253 i 4500
001 000020736
003 DO-SdBNP
005 20230621133325.0
007 ta
008 100813s2023 dr 000 0 spa d
020 _a9789945809305
040 _aDO-SdBNP
_bspa
_cBNPHU
_erda
082 4 _bM534p
_222
100 _943492
245 1 0 _aEn las patas de los caballos /
_cLuis Mena Garcia
264 _aSanto Domingo :
_bTalleres Gráficos de Soto Editora,
_c2023
300 _a163 paginas :
_bilustrados ;
_c24 cm.
336 _2rdacontent
_atexto
_btxt
337 _2rdamedia
_asin mediación
_bn
338 _2rdacarrier
_avolumen
_bnc
590 _aInventariado, 2023 / DG
910 _aDG
942 _2ddc
_cLBS1
999 _c53887
_d53887